Normal view MARC view
  • PG Thesis

Entry Topical Term

Number of records used in: 42

001 - CONTROL NUMBER

  • control field: 35000

003 - CONTROL NUMBER IDENTIFIER

  • control field: NUST

005 - DATE AND TIME OF LATEST TRANSACTION

  • control field: 20201109181939.0

008 - FIXED-LENGTH DATA ELEMENTS

  • fixed length control field: 201109|| aca||aabn | a|a d

040 ## - CATALOGING SOURCE

  • Original cataloging agency: NUST
  • Transcribing agency: NUST

150 ## - HEADING--TOPICAL TERM

  • Topical term or geographic name entry element: PG Thesis

670 ## - SOURCE DATA FOUND

  • Source citation: Work cat.: (NUST)217718: Bajawa, Umer Hayat (MSEE-20) 34999, Image Steganography with Improved PSNR /, January 2016
© 2023 Central Library, National University of Sciences and Technology. All Rights Reserved.